000 00272nam a22001217a 4500
008 170817b xxu||||| |||| 00| 0 eng d
041 _aeng
080 _a311
100 _a36
101 _aSTA
245 _aELEMENTARY STATISTICAL CONCEPTS
_cWALPOLE.R,E
942 _2udc
_cBK
999 _c23846
_d23846